000 00363nam a2200133Ia 4500
008 231129s9999||||xx |||||||||||||| ||spa||
020 _a84-206-2566-3
040 _bspa
082 _a321.8 S251t
100 _aSartori Giovanni
245 0 _aTeoria de la democracia
264 _aMadrid EspaƱa: Alianza
942 _2ddc
_cBKS
999 _c25201
_d25201